Efecto de las condiciones de almacenamiento sobre la calidad de molienda y culinaria de tres variedades de arroz (oryza sativa) en silos experimentales con aireación con aire ambiente en condiciones de bajas temperaturas y altas humedades relativas
محفوظ في:
| المؤلف الرئيسي: | |
|---|---|
| التنسيق: | كتاب |
| منشور في: |
[San José, Costa Rica]
2002
|
| الموضوعات: | |
| الوسوم: |
إضافة وسم
لا توجد وسوم, كن أول من يضع وسما على هذه التسجيلة!
|
MARC
| LEADER | 00000nam a2200000Ia 4500 | ||
|---|---|---|---|
| 003 | 009114 | ||
| 005 | 20221231144149.0 | ||
| 008 | 140114s2002 cr a m 000 ||s d | ||
| 040 | |c cru CEDI | ||
| 090 | |a TFG 4656 | ||
| 100 | |a Hangen Morales, Andrea |9 7110 | ||
| 245 | |a Efecto de las condiciones de almacenamiento sobre la calidad de molienda y culinaria de tres variedades de arroz (oryza sativa) en silos experimentales con aireación con aire ambiente en condiciones de bajas temperaturas y altas humedades relativas | ||
| 260 | |c 2002 |a [San José, Costa Rica] | ||
| 300 | |a xii, 99, [8] hojas : ilustraciones a color | ||
| 500 | |a Tesis (licenciatura en ingeniería agrícola)--Universidad de Costa Rica. Facultad de Ingeniería. Escuela de Ingeniería Agrícola | ||
| 650 | |x ARROZ |x ALMACENAMIENTO |x SECADO |x VARIEDADES |x PRUEBAS |x GRANOS |x HUMEDAD |x AIREACION |9 7111 | ||
| 942 | |c TFG | ||
| 999 | |c 17822 |d 17822 | ||
